Membres de l'UE par date d'adhésion - Statistiques

Statistiques générales
  • Ce quiz a été pris 154 fois
  • Le résultat moyen est 22 sur 28
Statistiques - réponses
Hint Réponse % Correct
1951 France
100%
1951 Allemagne (RFA)
99%
1986 Espagne
94%
1951 Italie
94%
1951 Belgique
92%
1951 Luxembourg
91%
1951 Pays-Bas
90%
1986 Portugal
90%
1973 Irlande
86%
1973 Royaume-Uni
86%
1995 Suède
86%
1995 Finlande
84%
1995 Autriche
79%
2004 Pologne
79%
1981 Grèce
77%
2013 Croatie
75%
1973 Danemark
75%
2004 Estonie
75%
2007 Roumanie
74%
2004 Lettonie
73%
2004 Lituanie
71%
2004 Slovénie
71%
2004 Tchéquie
71%
2004 Hongrie
69%
2004 Slovaquie
69%
2007 Bulgarie
61%
2004 Malte
51%
2004 Chypre
43%
Aucun quiz correspondant
Distribution des résultats
% des personnes avec chaque résultat
Percentile par nombre de réponses
Votre historique - résultats
Vous n’avez pas pris ce quiz